Arabic Speaking Countries Quiz - Statistics

General Stats
  • This quiz has been taken 95 times
  • The average score is 19 of 23
Answer Stats
Answer % Correct
Saudi Arabia
99%
Iraq
97%
Morocco
96%
Yemen
96%
Oman
95%
Algeria
94%
Egypt
92%
Qatar
92%
Syria
92%
Bahrain
90%
Lebanon
88%
Tunisia
88%
United Arab Emirates
88%
Libya
86%
Sudan
86%
Kuwait
84%
Jordan
81%
Mauritania
78%
Chad
73%
Djibouti
68%
Palestine
61%
Comoros
58%
Tanzania
12%
No matching quizzes found
Score Distribution
Percent of People with Each Score
Percentile by Number Answered
Your Score History
You have not taken this quiz